000 00280nam a2200121Ia 4500
008 191201s2016 xx 000 0 und d
100 _aRAGHUNATH,H.M.
245 0 _aGround Water
260 _aN. delhi
_bNew Age
_c2016
300 _a503
650 _aB.Tech(CE)
942 _2ddc
_cBK
_04
999 _c6501
_d6501